00000000nam 2200000za 4500
0019.699956
003CaOODSP
00520210625000621
007cr |||||||||||
008150407s1922    onc|||||o    f|0| 0 eng d
040 |aCaOODSP|beng
043 |an-cn---
0861 |aCP32-136/1922E-PDF
24500|aReport of the Royal Commission appointed by Order-in-Council of date May 20, 1919, to investigate the possibilities of the reindeer and musk-ox industries in the arctic and sub-arctic regions of Canada |h[electronic resource] / |cJohn Gunion Rutherford, chairman ; James Stanley McLean and James Bernard Harkin, commissioners.
2461 |aReport of the Royal Commission - reindeer and musk-ox
260 |a[Ottawa : |bPrivy Council Office], |c1922.
300 |a96 p.|btables, photographs, index.
500 |aHistorical publication digitized in 2010 by Privy Council Office of Canada.
590 |a15-04-Supp|b2015-03-19
69007|aAgri-food products|2gcpds
69007|aLivestock|2gcpds
69007|aCommissions of inquiry|2gcpds
7101 |aCanada. |bPrivy Council Office.
85640|ahttp://publications.gc.ca|qPDF|s5.29 MB|uhttps://publications.gc.ca/collections/collection_2014/bcp-pco/CP32-136-1922-eng.pdf